000 00426nam a22001817a 4500
003 MPLRDC
005 20220104152311.0
008 210129b ||||| |||| 00| 0 eng d
020 _a986-7440-05-6
082 _a848.2 FMJ-2
100 _a敷米浆
245 _a别让我一个人撑伞
_c
250 _a初版
260 _a
_b红色文化
_c2004
300 _b
650 _a现代别集
942 _cBK
_o848.2 FMJ-2
999 _c52820
_d52810